Suicide Prevention : (Record no. 617323)

MARC details
000 -LEADER
fixed length control field 00525nam a2200193 a 4500
008 - FIXED-LENGTH DATA ELEMENTS--GENERAL INFORMATION
fixed length control field 260310s1998##################000#0#eng##
020 ## - INTERNATIONAL STANDARD BOOK NUMBER
ISBN 9780306458156
082 04 - DEWEY DECIMAL CLASSIFICATION NUMBER
Classification number 362.287
Item number KOS
100 1# - MAIN ENTRY--AUTHOR NAME
Personal name Congress, International Association for Suicide Prevention.,
245 10 - TITLE STATEMENT
Title Suicide Prevention :
260 ## - PUBLICATION, DISTRIBUTION, ETC. (IMPRINT)
Name of publisher Springer,
Year of publication 1998.
300 ## - PHYSICAL DESCRIPTION
Number of Pages 432 pages
650 #0 - SUBJECT ADDED ENTRY--TOPICAL TERM
Topical Term Medical.
942 ## - ADDED ENTRY ELEMENTS (KOHA)
Koha item type English Books
Holdings
Withdrawn status Lost status Damaged status Not for loan Home library Current library Shelving location Date acquired Full call number Accession Number Price effective from Koha item type
        Anna Centenary Library Anna Centenary Library 4TH FLOOR, A WING 10.03.2026 362.287 KOS 208375 10.03.2026 English Books

Find us on the map